[Event "23.Schlosspark-Open"]
[Site "Wiesbaden"]
[Date "2011.08.25"]
[Round "1.60"]
[White "Rosmanitz, Anna"]
[Black "Supplieth, Peter"]
[Result "0-1"]
[WhiteElo "1280"]
[BlackElo "2028"]
[PlyCount "64"]
[EventDate "2011.??.??"]
[WhiteTeam "SC 1979 Hattersheim"]
[BlackTeam "SC Kevelaer 1948 e.V."]

1. e4 Nf6 2. Nc3 d5 3. e5 Ne4 4. Nxe4 dxe4 5. Bc4 Nc6 6. Bb5 Qd5 7. Qe2 Bd7 8.
Bxc6 Bxc6 9. f3 Qxe5 10. d3 f5 11. Nh3 Qa5+ 12. Bd2 exf3 13. Bxa5 fxe2 14. Rg1
e5 15. Bxc7 Bc5 16. Nf2 e4 17. dxe4 Bxe4 18. Kxe2 Rc8 19. Be5 O-O 20. g3 Rfe8
21. Bc3 Bxc2+ 22. Kf1 Ba4 23. Kg2 Bc6+ 24. Kf1 Bb5+ 25. Kg2 Re2 26. Rgf1 Rc2
27. Rac1 Bxf1+ 28. Rxf1 Re8 29. Kf3 g5 30. Nd1 Rxh2 31. b4 Bd6 32. Ne3 g4+ 0-1

[Event "23.Schlosspark-Open"]
[Site "Wiesbaden"]
[Date "2011.08.25"]
[Round "1.61"]
[White "Gentner, Markus"]
[Black "Wöhl, Torsten"]
[Result "1-0"]
[WhiteElo "2026"]
[BlackElo "1271"]
[PlyCount "47"]
[EventDate "2011.??.??"]
[WhiteTeam "SC Murrhardt 1948 e.V."]
[BlackTeam "SC Groß-Zimmern"]

1. Nf3 Nc6 2. d4 e6 3. e3 Nf6 4. Nbd2 d5 5. c3 Bd7 6. Bd3 g6 7. O-O Bg7 8. Ne5
a6 9. f4 Qe7 10. a4 Na7 11. Qe2 c5 12. b3 O-O 13. Ba3 Rfc8 14. Bxc5 Qe8 15.
Rac1 Bf8 16. Bxf8 Qxf8 17. e4 Qd6 18. Nxd7 Qxd7 19. e5 Ne8 20. Qg4 Ng7 21. Qg5
Nc6 22. Nf3 Ne7 23. g4 Rc7 24. Qh6 1-0

[Event "23.Schlosspark-Open"]
[Site "Wiesbaden"]
[Date "2011.08.25"]
[Round "1.62"]
[White "Leßmann, Sven"]
[Black "Belz, Frank-M"]
[Result "0-1"]
[WhiteElo "1250"]
[BlackElo "2025"]
[PlyCount "56"]
[EventDate "2011.??.??"]
[WhiteTeam "SC Bad Soden"]
[BlackTeam "SK Freising"]

1. d4 d5 2. c4 c6 3. Nc3 dxc4 4. Nf3 Nf6 5. Bg5 b5 6. e3 e6 7. Nd2 Be7 8. Be2
Bb7 9. Bf3 a6 10. O-O O-O 11. a4 Qb6 12. Bxf6 Bxf6 13. Nde4 Be7 14. a5 Qa7 15.
Qc2 Nd7 16. Rfd1 Rad8 17. Ng3 Nf6 18. Nge2 c5 19. Bxb7 Qxb7 20. e4 cxd4 21.
Nxd4 Bc5 22. e5 Bxd4 23. exf6 Bxf6 24. Re1 Rd3 25. Ne4 Be7 26. Rad1 Rfd8 27.
Rd2 Bb4 28. Ree2 Qxe4 0-1

[Event "23.Schlosspark-Open"]
[Site "Wiesbaden"]
[Date "2011.08.25"]
[Round "1.63"]
[White "Kobs, Stephan"]
[Black "Hansch, Christian Min"]
[Result "1-0"]
[WhiteElo "2021"]
[BlackElo "1229"]
[PlyCount "55"]
[EventDate "2011.??.??"]
[WhiteTeam "SC Bad Salzdetfurth"]
[BlackTeam "SC Turm Büdingen"]

1. e4 c6 2. d4 d5 3. exd5 cxd5 4. c4 Nf6 5. Nc3 Nc6 6. Bg5 Bf5 7. Bxf6 gxf6 8.
cxd5 Nb8 9. Nf3 Bg7 10. Nh4 Bg6 11. Bb5+ Nd7 12. O-O O-O 13. Nxg6 fxg6 14. Qe2
Rf7 15. d6 Nb6 16. dxe7 Rxe7 17. Qd2 a6 18. Be2 Rd7 19. Rad1 f5 20. d5 Bxc3 21.
Qxc3 Rxd5 22. Bf3 Rxd1 23. Rxd1 Qe7 24. Qb3+ Kf8 25. Qxb6 Rb8 26. Qd4 Ke8 27.
Qh8+ Qf8 28. Qe5+ 1-0

[Event "23.Schlosspark-Open"]
[Site "Wiesbaden"]
[Date "2011.08.25"]
[Round "1.64"]
[White "Sonnberger, Julian"]
[Black "Schmidt, Volker"]
[Result "0-1"]
[WhiteElo "1201"]
[BlackElo "2013"]
[PlyCount "58"]
[EventDate "2011.??.??"]
[WhiteTeam "SC Dietmannsried"]
[BlackTeam "SAbt TuS Dotzheim"]

1. Nf3 g6 2. d4 Nf6 3. c4 Bg7 4. Nc3 d5 5. cxd5 Nxd5 6. e4 Nxc3 7. bxc3 c5 8.
Bc4 O-O 9. O-O Nc6 10. Be3 cxd4 11. cxd4 Bg4 12. d5 Bxf3 13. gxf3 Na5 14. Be2
Bxa1 15. Qxa1 f6 16. Rd1 Qc7 17. Rc1 Qe5 18. Bd4 Qg5+ 19. Kh1 Qd2 20. Re1 Rac8
21. Bxa7 Nc4 22. Bf1 Qa5 23. Bd4 Nd2 24. Bg2 Rc2 25. d6 exd6 26. Bxf6 Qxa2 27.
Qd4 Qe6 28. Bh8 Rc7 29. Qxd2 Kxh8 0-1

[Event "23.Schlosspark-Open"]
[Site "Wiesbaden"]
[Date "2011.08.25"]
[Round "1.65"]
[White "Baskin, Robert"]
[Black "Sonnberger, Bernd"]
[Result "1-0"]
[WhiteElo "1977"]
[BlackElo "1174"]
[PlyCount "41"]
[EventDate "2011.??.??"]
[WhiteTeam "SAbt TuS Makkabi Ffm"]
[BlackTeam "SC Dietmannsried"]

1. e4 d6 2. d4 Nf6 3. Nc3 g6 4. f4 Bg7 5. Nf3 O-O 6. Bd3 Nbd7 7. O-O a6 8. e5
Ne8 9. Ng5 dxe5 10. dxe5 e6 11. Be3 c6 12. Qf3 h6 13. Nxe6 fxe6 14. Qg4 Nc7 15.
Qxg6 Rf7 16. Qh7+ Kf8 17. f5 Nxe5 18. Bc5+ Ke8 19. Qg8+ Kd7 20. fxe6+ Nxe6 21.
Rxf7+ 1-0

[Event "23.Schlosspark-Open"]
[Site "Wiesbaden"]
[Date "2011.08.25"]
[Round "1.66"]
[White "Kornilov, Alexander"]
[Black "Eg, Karlheinz"]
[Result "0-1"]
[WhiteElo "1192"]
[BlackElo "2007"]
[PlyCount "118"]
[EventDate "2011.??.??"]
[WhiteTeam "SAbt TuS Makkabi Ffm"]
[BlackTeam "SV Rüsselsheim 1929"]

1. d4 Nf6 2. Nf3 g6 3. Nc3 d5 4. Bf4 Bg7 5. h3 O-O 6. e3 c6 7. g4 Nbd7 8. Qd2
b5 9. a3 a5 10. Rb1 b4 11. Ne2 Ne4 12. Qd1 Re8 13. Ng3 e5 14. dxe5 Nxe5 15.
Nxe4 Nxf3+ 16. Qxf3 Rxe4 17. Bd3 bxa3 18. Bxe4 a2 19. Ra1 Bxb2 20. Rxa2 dxe4
21. Qxe4 Bc3+ 22. Kf1 Be6 23. Ra3 Bd5 24. Qd3 Bb4 25. e4 Bxe4 26. Qxe4 Bxa3 27.
Qxc6 Rc8 28. Qe4 Qd1+ 29. Kg2 Qxc2 30. Qxc2 Rxc2 31. Ra1 Bb4 32. Be3 Rc6 33.
Ra4 Kf8 34. Kf3 Ke7 35. Ke4 Ke6 36. h4 Rc4+ 37. Kf3 Kd5 38. h5 Kc6 39. Bd2 Kb5
40. Ra2 a4 41. Bxb4 Kxb4 42. Rb2+ Kc3 43. Rb7 a3 44. Rxf7 a2 45. Ra7 Kb3 46.
Rb7+ Rb4 47. Ra7 Ra4 48. Rb7+ Kc4 49. Rc7+ Kd5 50. Rc1 a1=Q 51. Rxa1 Rxa1 52.
Kf4 Ke6 53. Kg5 Kf7 54. Kh6 gxh5 55. gxh5 Ra5 56. f3 Rb5 57. f4 Rc5 58. f5 Rxf5
59. Kxh7 Rxh5# 0-1

[Event "23.Schlosspark-Open"]
[Site "Wiesbaden"]
[Date "2011.08.25"]
[Round "1.67"]
[White "Klein, Maximilian"]
[Black "Urbach, Jens"]
[Result "1-0"]
[WhiteElo "2006"]
[BlackElo "1123"]
[PlyCount "27"]
[EventDate "2011.??.??"]
[WhiteTeam "SC Idar-Oberstein"]
[BlackTeam "Sfr. Frankfurt 1921"]

1. e4 d6 2. d4 Nf6 3. Nc3 g6 4. f4 c5 5. Be3 cxd4 6. Bxd4 Bg7 7. Nf3 O-O 8. Qd2
Nc6 9. Bg1 Be6 10. O-O-O Bg4 11. Be2 a6 12. h3 Bxf3 13. Bxf3 b5 14. e5 1-0

[Event "23.Schlosspark-Open"]
[Site "Wiesbaden"]
[Date "2011.08.25"]
[Round "1.68"]
[White "Wöhl, Sebastian"]
[Black "Simkin, Mark"]
[Result "0-1"]
[WhiteElo "1091"]
[BlackElo "2004"]
[PlyCount "46"]
[EventDate "2011.??.??"]
[WhiteTeam "SC Groß-Zimmern"]
[BlackTeam "SV Saarbrücken 1970"]

1. e4 c5 2. Nf3 d6 3. Nc3 Nf6 4. d4 cxd4 5. Nxd4 g6 6. Bg5 Bg7 7. Bc4 O-O 8. f3
Nc6 9. Nxc6 bxc6 10. Qd3 Rb8 11. O-O-O Qa5 12. Be3 Nd7 13. Bd4 Ne5 14. Qe2 Bh6+
15. Kb1 Nxc4 16. Qxc4 c5 17. Bf2 Ba6 18. Qa4 Rxb2+ 19. Kxb2 Rb8+ 20. Ka3 Qxc3+
21. Qb3 Rxb3+ 22. cxb3 Bg7 23. Be1 Qb2+ 0-1

[Event "23.Schlosspark-Open"]
[Site "Wiesbaden"]
[Date "2011.08.25"]
[Round "1.69"]
[White "Tufa, Mihai"]
[Black "Peschk, Kathrin"]
[Result "1-0"]
[WhiteElo "2003"]
[BlackElo "926"]
[PlyCount "25"]
[EventDate "2011.??.??"]
[WhiteTeam "Club Sah Diana Galati"]
[BlackTeam "SV 1946 Groß-Gerau"]

1. e4 e5 2. Nf3 Nc6 3. Bb5 Bc5 4. Nc3 Nf6 5. d3 O-O 6. Bg5 d6 7. Nd5 Be6 8.
Nxf6+ gxf6 9. Bh6 Re8 10. Nh4 d5 11. Nf5 Bf8 12. Qg4+ Kh8 13. Bxf8 1-0

[Event "23.Schlosspark-Open"]
[Site "Wiesbaden"]
[Date "2011.08.25"]
[Round "1.70"]
[White "Wöhl, Jessica"]
[Black "Marzahn, Heiko"]
[Result "0-1"]
[WhiteElo "906"]
[BlackElo "1984"]
[PlyCount "74"]
[EventDate "2011.??.??"]
[WhiteTeam "SC Groß-Zimmern"]
[BlackTeam "Sfr.Erbach"]

1. e4 d5 2. exd5 Nf6 3. Bc4 Nxd5 4. Bxd5 Qxd5 5. Nc3 Qxg2 6. Qf3 Qxf3 7. Nxf3
Bh3 8. Rg1 Nc6 9. a3 g6 10. Nb5 Rc8 11. d3 Bg7 12. Bd2 Bxb2 13. Rb1 Bg7 14. Ng5
Bd7 15. Bf4 e5 16. Be3 a6 17. Na7 Nxa7 18. Bxa7 b6 19. Kd2 O-O 20. Rb3 Rfd8 21.
Rgb1 Bh6 22. h4 f6 23. f4 fxg5 24. fxg5 Bf8 25. Rc3 Bd6 26. Rbb3 Bb5 27. Rb1
Ra8 28. a4 Bxa4 29. Bxb6 cxb6 30. Rxb6 Bb5 31. Rb3 Bc5 32. Rf6 e4 33. c4 Bxc4
34. Rb7 Rxd3+ 35. Kc2 Rc8 36. Kb2 Bd4+ 37. Kc2 Bb3+ 0-1

[Event "23.Schlosspark-Open"]
[Site "Wiesbaden"]
[Date "2011.08.25"]
[Round "1.71"]
[White "Reichenbächer, Thomas"]
[Black "Bangert, Martin"]
[Result "1-0"]
[WhiteElo "1996"]
[BlackElo "858"]
[PlyCount "37"]
[EventDate "2011.??.??"]
[WhiteTeam "SC Steißlingen"]
[BlackTeam "SC Eschbach/Usi- Land"]

1. d4 d5 2. g3 Nc6 3. Bg2 e6 4. Nf3 h6 5. O-O Nf6 6. b3 Bd6 7. Bb2 O-O 8. c4 b6
9. Nc3 a6 10. Na4 Qe7 11. c5 bxc5 12. dxc5 Bxc5 13. Bxf6 gxf6 14. Rc1 Bxf2+ 15.
Rxf2 Qd6 16. Qd2 Bd7 17. Qxh6 Ne7 18. Nc5 f5 19. Ng5 1-0

[Event "23.Schlosspark-Open"]
[Site "Wiesbaden"]
[Date "2011.08.25"]
[Round "1.73"]
[White "Matzies, Alexander"]
[Black "Lochmann, Tobias"]
[Result "1-0"]
[WhiteElo "1982"]
[BlackElo "730"]
[PlyCount "41"]
[EventDate "2011.??.??"]
[WhiteTeam "Sfr.1932 Kelkheim"]
[BlackTeam "SV 1946 Groß-Gerau"]

1. d4 d5 2. c4 c6 3. Nf3 Nf6 4. Nc3 e6 5. Bg5 Be7 6. e3 O-O 7. Bd3 h6 8. Bh4
Nbd7 9. O-O Nb6 10. b3 Qd6 11. c5 Qc7 12. cxb6 Qxb6 13. Ne5 Qd8 14. Bc2 b6 15.
Nxc6 Qe8 16. Nxe7+ Qxe7 17. Qd3 g6 18. e4 dxe4 19. Nxe4 g5 20. Nxf6+ Qxf6 21.
Qh7# 1-0